| 000 | 00605pab a2200193 454500 | ||
|---|---|---|---|
| 008 | 180718b2011 xxu||||| |||| 00| 0 eng d | ||
| 100 | _aMitra, Subrata | ||
| 245 | _aPublic - private partnerships and electronic toll collection - means to improve the operational efficiency of freight transportation by road in India | ||
| 260 | _c2011 | ||
| 300 | _ap.118-125. | ||
| 362 | _aJul-Dec | ||
| 650 | _aTransport - India | ||
| 650 | _aRoads - India | ||
| 650 | _aPublic private partnerships - India | ||
| 650 | _aPublic private partnerships | ||
| 773 | _aProductivity | ||
| 908 | _aN | ||
| 909 | _a98587 | ||
| 999 |
_c98586 _d98586 |
||